Krádež /
Uloženo v:
| Hlavní autor: | |
|---|---|
| Další autoři: | |
| Médium: | Kniha |
| Jazyk: | Czech |
| Vydáno: |
Praha :
Prostor,
2026
|
| Vydání: | V českém jazyce vydání první |
| Edice: | Současná světová próza (Prostor)
|
| Témata: | |
| Celkem bylo vypůjčeno: | 0x |
| Tagy: |
Žádné tagy |
| LEADER | 01485nam a2200421 i 4500 | ||
|---|---|---|---|
| 001 | 106730 | ||
| 003 | CZ PrNK | ||
| 005 | 20260703110602.0 | ||
| 007 | ta | ||
| 008 | 260506s2026 xr g 000 f cze | ||
| 015 | |a cnb003755915 | ||
| 020 | |a 9788072606689 |q (brožováno) | ||
| 040 | |a ABG001 |b cze |e rda | ||
| 041 | 1 | |a cze |h eng | |
| 072 | 7 | |a 821 |x Literatura v různých jazycích |2 Konspekt |9 25 | |
| 080 | |a 821.111-31 |2 MRF | ||
| 080 | |a (0:82-31) |2 MRF | ||
| 100 | 1 | |a Gurnah, Abdulrazak, |d 1948- |7 xx0011793 |4 aut |9 114691 | |
| 240 | 1 | 0 | |a Theft. |l Česky |
| 245 | 1 | 0 | |a Krádež / |c Abdulrazak Gurnah ; přeložil Rani Tolimat |
| 250 | |a V českém jazyce vydání první | ||
| 264 | 1 | |a Praha : |b Prostor, |c 2026 | |
| 300 | |a 332 stran ; |c 20 cm | ||
| 336 | |a text |b txt |2 rdacontent | ||
| 337 | |a bez média |b n |2 rdamedia | ||
| 338 | |a svazek |b nc |2 rdacarrier | ||
| 490 | 1 | |a Současná světová próza ; |v 47. svazek | |
| 500 | |a Přeloženo z angličtiny | ||
| 500 | |a Terminologický slovník | ||
| 655 | 7 | |a anglicky psané romány |7 fd131805 |2 czenas |9 53412 | |
| 655 | 9 | |a fiction in English |2 eczenas | |
| 700 | 1 | |a Tolimat, Rani, |d 1970- |7 xx0075417 |4 trl |9 8293 | |
| 710 | 2 | |a Prostor (nakladatelství) |7 ko2003174546 |4 pbl |9 117299 | |
| 830 | 0 | |a Současná světová próza (Prostor) | |
| 910 | |a UOG502 | ||
| 942 | |2 ddc |c KN | ||
| 999 | |d 106730 | ||
| 993 | |0 0 |1 421180107460 |2 ddc |4 0 |7 0 |9 100245 |b 0 |c 107460 |d 2026-07-03 |e 0 |f DOSP |h 497.00 |i Koupě |l DOSP |r 2026-07-03 |t 6 |w 2026-07-03 |y KN |z BELET |n | ||